000
00260nam a2200121 a 4500
005
20141022142004.0
008
080916s19uu xx 00 eng d
050
_a
VCD
_b
B43 1995
245
_a
Ben-hur.
650
_a
VCD.
650
_a
Ben-hur.
942
_c
AVM
999
_c
276431
_d
276431